| 000 | 00875cab a2200241 4500 | ||
|---|---|---|---|
| 001 | WB2825-15 | ||
| 008 | 090401t1992 xxu||||| |||| 00| 0 eng d | ||
| 035 | _a(Sirsi) u43755 | ||
| 041 | _aeng | ||
| 245 | _aParty wall | ||
| 260 | _c1992 | ||
| 350 | _a0 | ||
| 490 |
_aEstates Gazette Case Summaries _v1992 EGCS 82(1) 20/6/92 |
||
| 520 | _a"Maddern and another v Atkins" CA 9 June 1992, upheld the CC`s decision in using the right to title by adverse possession to settle a boundary dispute between two properties in Cornwall. The river running between the two properties was deemed to be a party wall. Appeal dismissed. | ||
| 650 | _aADVERSE POSSESSION | ||
| 650 |
_aBoundary disputes _96221 |
||
| 650 |
_aParty walls _96258 |
||
| 650 | _aRIGHT TO TITLE | ||
| 650 | _aRIVER | ||
| 690 | _aHIGHWAYS AND RIGHTS OF WAY-CASE LAW | ||
| 942 | _n0 | ||
| 948 | _c04/03/1997 | ||
| 999 |
_c27887 _d27887 |
||